[Event "Doeberl Cup Premier"]
[Site "Canberra AUS"]
[Date "2011.04.23"]
[Round "5.4"]
[White "Arutinian,D"]
[Black "Toth,And1"]
[Result "1/2-1/2"]
[WhiteElo "2575"]
[BlackElo "2378"]

1.d4 Nf6 2.c4 g6 3.Nc3 Bg7 4.e4 d6 5.Nf3 O-O 6.Be2 e5 7.O-O Nc6 8.d5 Ne7
9.Ne1 Nd7 10.Nd3 f5 11.f3 f4 12.Bd2 g5 13.Rc1 Ng6 14.b4 Nf6 15.c5 h5 16.cxd6 cxd6
17.Nf2 Rf7 18.a4 Bf8 19.h3 Rg7 20.Nb5 Nh4 21.Be1 a6 22.Na3 Bd7 23.a5 g4 24.fxg4 b5
25.axb6 Qxb6 26.Nc4 Qa7 27.Kh1 Be7 28.Rc3 Rc8 29.Qb3 Qd4 30.Qd1 hxg4 31.hxg4 Rh7
32.Kg1 Nxe4 33.Qxd4 exd4 34.Nxe4 dxc3 35.Ncxd6 c2 36.Bd2 Rb8 37.Rc1 Rg7 38.Rxc2 Bxg4
39.Bxa6 Bf3 40.Bc3 Rg6 41.Bf1 Bxg2 42.Bxg2 f3 43.Nc4 fxg2 44.Ne5 Rf8 45.Rf2 Rxf2
46.Nxf2 Rg3 47.Be1 Re3 48.Nfd3 Re2 49.Bf2 Rd2 50.Ne1 Re2 51.N5d3 Kf7  1/2-1/2

[Event "17th Asian Cities"]
[Site "Jakarta INA"]
[Date "2011.04.23"]
[Round "3.5"]
[White "Sriram,S1"]
[Black "Dewi,A"]
[Result "1/2-1/2"]
[WhiteElo "2219"]
[BlackElo "1994"]

1.Nf3 Nf6 2.c4 g6 3.Nc3 Bg7 4.e4 d6 5.d4 O-O 6.Be2 e5 7.O-O Nc6 8.d5 Ne7
9.b4 Nh5 10.Re1 f5 11.Ng5 Nf6 12.f3 Kh8 13.Rb1 Nh5 14.c5 Nf4 15.Bc4 fxe4
16.Ngxe4 Nf5 17.Bf1 Nd4 18.cxd6 cxd6 19.Be3 a6 20.b5 Bf5 21.bxa6 bxa6 22.Rb7 Bxe4
23.Nxe4 Nxd5 24.Bxd4 exd4 25.Rxg7 Kxg7 26.Qxd4+ Nf6 27.Ng5 Kg8 28.Ne6 Qa5
29.Nxf8 Qxe1 30.Nd7 Nxd7 31.Qd5+ Kg7 32.Qxa8 Nc5 33.Qa7+ Kh6 34.Qb8 Qe3+
35.Kh1 Qe7 36.h3 a5 37.Qb1 Kg7 38.Qb2+ Qe5 39.Qd2 Nd7 40.f4 Qc5 41.a4 d5
42.Bb5 Nf6 43.Kh2 Qd6 44.Qd4 h5 45.Qa7+ Kh6 46.Qd4 Kg7 47.Qa7+ Kh6 48.Qd4 Kg7
49.Bd3 h4 50.Kg1 Qe7 51.Kf2 Kh6 52.Qe5 Qc5+ 53.Ke2 Kg7 54.Qg5 Qe7+ 55.Kd1 Qe8
56.Bc2 Ne4 57.Qxh4 Nc3+ 58.Kd2 Ne4+ 59.Kc1 Qf8 60.Bxe4 dxe4  1/2-1/2

[Event "9th V Nabokov IM"]
[Site "Kyiv UKR"]
[Date "2011.04.23"]
[Round "6.3"]
[White "Grinev,V"]
[Black "Ogleznev,A"]
[Result "1-0"]
[WhiteElo "2375"]
[BlackElo "2313"]

1.d4 Nf6 2.c4 g6 3.Nc3 Bg7 4.e4 d6 5.Nf3 O-O 6.Be2 e5 7.O-O Nc6 8.d5 Ne7
9.b4 Nh5 10.Re1 Nf4 11.Bf1 a5 12.bxa5 Rxa5 13.a4 c5 14.Nd2 Ra6 15.Ra3 h6
16.Nb5 Bd7 17.g3 Nh5 18.Bb2 Be8 19.Be2 Nf6 20.f4 Nd7 21.Qa1 f5 22.Bd3 g5
23.Nxd6 Rxd6 24.fxe5 Rb6 25.Bc3 f4 26.e6 Nf6 27.e5 Nfxd5 28.cxd5 Qxd5 29.Bc4 Qc6
30.Ne4 Kh8 31.Nf6 Bg6 32.Qd1 Rb4 33.Bb5 Qxe6 34.Qd7 Bf5 35.Bxb4 cxb4 36.Qxe6 Bxe6
37.Rd3 Bf5 38.Rb3 Rxf6 39.exf6 Bxf6 40.gxf4 gxf4 41.Rxb4 Nd5 42.Rc4 Kg7 43.Rd1 Be6
44.Re4 Bf5 45.Red4 Ne3 46.Rxf4 Nxd1 47.Rxf5 Bd4+ 48.Kh1 Ne3 49.Rf4 Bc5 50.a5 Kg6
51.Be8+ Kg5 52.Rf7  1-0

[Event "9th V Nabokov IM"]
[Site "Kyiv UKR"]
[Date "2011.04.23"]
[Round "6.1"]
[White "Melnichuk,M"]
[Black "Moliboga,V"]
[Result "1-0"]
[WhiteElo "2319"]
[BlackElo "2277"]

1.Nf3 g6 2.d4 Bg7 3.c4 d6 4.Nc3 Nf6 5.e4 O-O 6.Be2 e5 7.O-O Nc6 8.dxe5 dxe5
9.Qxd8 Rxd8 10.Bg5 Rf8 11.Rfd1 Bg4 12.h3 Bxf3 13.Bxf3 Nd4 14.Nd5 Nxd5 15.cxd5 c6
16.dxc6 bxc6 17.Rac1 a5 18.Be3 Rfb8 19.Rd2 Rb6 20.Be2 h5 21.Bc4 c5 22.Bd5 Rc8
23.Rc3 Rc7 24.b3 Kf8 25.f4 Ke7 26.Rf2 Kd6 27.Rc4 f5 28.Bd2 Ra7 29.Bc1 Rb4
30.Rc3 h4 31.Bc4 fxe4 32.Re3 exf4 33.Rxf4 Bh6 34.Rexe4 Bxf4 35.Bxf4+ Kc6
36.Bd2 Rb8 37.Rg4 Rd8 38.Bf4 Rg7 39.Be5 Rh7 40.Rxg6+ Kb7 41.Bd6 Rh5 42.Ba6+ Ka7
43.Bc4 Rd7 44.Bf4 Kb7 45.Ba6+ Ka7 46.Bc8 Rb7 47.Bxb7 Ne2+ 48.Kh2 Nxf4 49.Bf3 Rh7
50.Rc6 Nd3 51.Be4  1-0

[Event "15th Neckar Open"]
[Site "Deizisau GER"]
[Date "2011.04.24"]
[Round "7"]
[White "Heimann,An"]
[Black "Kabisch,T"]
[Result "1/2-1/2"]
[WhiteElo "2491"]
[BlackElo "2274"]

1.Nf3 Nf6 2.c4 g6 3.Nc3 Bg7 4.e4 O-O 5.d4 d6 6.Be2 e5 7.O-O Nc6 8.Be3 Ng4
9.Bg5 f6 10.Bh4 Nh6 11.dxe5 dxe5 12.Qxd8 Nxd8 13.Nd5 c6 14.Ne7+ Kh8 15.Nxc8 Rxc8
16.c5 Ne6 17.b4 g5 18.Bg3 g4 19.Nd2 Rfd8 20.Nc4 Nd4 21.Bd1 Bf8 22.Ne3 a5
23.Nxg4 Nxg4 24.Bxg4 Ra8 25.a3 Nb3 26.Rad1 Nd2 27.Rfe1 Nc4 28.Bh4 Kg7 29.Rxd8 Rxd8
30.Rc1 Nxa3 31.bxa5 Rd4 32.f3 Rc4 33.Rxc4 Nxc4 34.Bf2 Kf7 35.Bc8 Nxa5 36.Kf1 Nb3
37.Bxb7 Nd4 38.Bxd4 exd4 39.Bxc6 Bxc5 40.Bb5 h6 41.g3 Ba3 42.Kg2 Bc1 43.Kh3 Be3
44.Kg4 Bg1 45.h3 Bf2 46.Kf4 Kg6 47.g4 Be3+ 48.Kg3 Kg5 49.h4+ Kg6 50.Bc4 Bd2
51.Kf2 Bf4 52.Bd3 Kf7 53.Bc2 Ke6 54.Bb3+ Kd6 55.Bc4 Kc5 56.Ba6 Kb4 57.Ke2 Bg3
58.Kd3 Kc5 59.e5  1/2-1/2

[Event "8th Balagne Open"]
[Site "Calvi FRA"]
[Date "2011.04.28"]
[Round "4.1"]
[White "Bauer,Ch"]
[Black "Van Kampen,R"]
[Result "1-0"]
[WhiteElo "2633"]
[BlackElo "2456"]

1.Nf3 Nf6 2.c4 g6 3.Nc3 Bg7 4.e4 d6 5.d4 O-O 6.Be2 e5 7.O-O Nc6 8.d5 Ne7
9.Nh4 Nd7 10.g3 a5 11.a3 Nc5 12.Be3 Bd7 13.Qc2 a4 14.Rad1 b6 15.Ng2 f5 16.f3 Rf7
17.Nb5 h6 18.Rf2 Nb3 19.Rdf1 Rc8 20.Bd1 Qf8 21.f4 Nc5 22.Bxc5 bxc5 23.exf5 Bxf5
24.Qe2 e4 25.g4 Bd7 26.Bxa4 h5 27.gxh5 gxh5 28.Bc2 Nf5 29.Bxe4 Re8 30.Nxc7 Nd4
31.Bh7+ Kxh7 32.Qxh5+ Kg8 33.Nxe8 Qxe8 34.f5 Qe5 35.Re1 Qf6 36.Nh4 Nxf5 37.Re4 Nxh4
38.Rxf6 Bxf6 39.Rxh4  1-0

[Event "2nd Lille Open"]
[Site "Lille FRA"]
[Date "2011.04.28"]
[Round "5.6"]
[White "Ovsejevitsch,S"]
[Black "Simon,O"]
[Result "1-0"]
[WhiteElo "2586"]
[BlackElo "2338"]

1.Nf3 Nf6 2.c4 g6 3.Nc3 Bg7 4.e4 d6 5.d4 O-O 6.Be2 e5 7.O-O Nc6 8.Be3 Re8
9.dxe5 dxe5 10.h3 Be6 11.c5 a6 12.Qa4 Bd7 13.Qc2 Nh5 14.Rad1 Nf4 15.Bc4 Nd4
16.Nxd4 exd4 17.Bxf4 dxc3 18.bxc3 Qe7 19.Bd5 Bc6 20.Be3 Kh8 21.Rd2 Bxd5 22.exd5 f5
23.Rfd1 f4 24.d6 Qg5 25.Bd4 Bxd4 26.Rxd4 f3 27.g3 cxd6 28.cxd6 Rad8 29.d7 Re7
30.c4 Qh5 31.h4 Qc5 32.Qc3 Kg8 33.Qxf3  1-0

[Event "2nd Lille Open"]
[Site "Lille FRA"]
[Date "2011.04.29"]
[Round "7.9"]
[White "Ovsejevitsch,S"]
[Black "Chanoine,G"]
[Result "1-0"]
[WhiteElo "2586"]
[BlackElo "2308"]

1.Nf3 Nf6 2.c4 g6 3.Nc3 Bg7 4.e4 d6 5.d4 O-O 6.Be2 e5 7.O-O Nc6 8.Be3 Ng4
9.Bg5 f6 10.Bc1 Nh6 11.d5 Nd4 12.Nxd4 exd4 13.Nb5 f5 14.Bxh6 Bxh6 15.exf5 Bxf5
16.Nxd4 Bg7 17.Qd2 Qh4 18.Rad1 Rae8 19.Nxf5 Rxf5 20.g3 Qh3 21.Rde1 Re4 22.Bd1 Rd4
23.Re8+ Kf7 24.Qe2 Be5 25.Rc8 Rh4 26.f4  1-0

[Event "TCh-HUN 2010-11"]
[Site "Budapest HUN"]
[Date "2011.05.01"]
[Round "10"]
[White "Farago,I"]
[Black "Pirisi,G"]
[Result "1-0"]
[WhiteElo "2420"]
[BlackElo "2231"]

1.d4 g6 2.c4 Bg7 3.e4 d6 4.Nc3 Nf6 5.Be2 O-O 6.Nf3 e5 7.O-O Nc6 8.d5 Ne7
9.b4 Kh8 10.c5 Neg8 11.Nd2 Ne8 12.a4 f5 13.Ba3 Ngf6 14.a5 Bh6 15.b5 dxc5
16.Bxc5 Nd6 17.exf5 gxf5 18.Nc4 Re8 19.b6 Nde4 20.bxc7 Qxc7 21.Nxe4 Nxe4
22.Bb4 Bd7 23.Ra3 Bb5 24.Ne3 Bxe2 25.Qxe2 Qf7 26.f3 Bxe3+ 27.Rxe3 Nf6 28.Rxe5 Nxd5
29.Re1 Rg8 30.Rxd5 Qxd5 31.Bc3+ Rg7 32.Qe7 Rg8 33.Qc7 h6 34.Re7 Qd1+ 35.Kf2 Qc2+
36.Re2 Qd3 37.g3 Kh7 38.Bxg7 Rxg7 39.Qc5 Qb1 40.Re1 Qd3 41.Qxa7 f4 42.Qb6 Qc2+
43.Re2 Qc1 44.Qb5 Qc8 45.g4 Qf8 46.Re6 Rc7 47.Qb1+ Kh8 48.Qg6 Qc5+ 49.Kg2 Qc2+
50.Qxc2 Rxc2+ 51.Kh3 Kg7 52.Re7+ Kg6 53.Rxb7 Rc3 54.Rb6+ Kg5 55.Rb5+ Kg6
56.g5 h5 57.Kh4 Rxf3 58.Rb4 Rf2 59.h3 f3 60.Rf4 Ra2 61.Rf6+ Kg7 62.Rxf3 Rxa5
63.Kxh5 Ra4 64.Rb3 Ra6 65.Rb7+ Kg8 66.h4 Kh8 67.g6 Ra4 68.Kg5 Ra5+ 69.Kh6 Ra8
70.h5 Rc8 71.Rb5 Ra8 72.Kg5 Rc8 73.h6 Ra8 74.h7 Kg7 75.Rb7+ Kh8 76.Kh6  1-0

[Event "29th Metz Open A"]
[Site "Longeville-les-Metz FRA"]
[Date "2011.05.02"]
[Round "1.15"]
[White "Colson,A"]
[Black "Gladyszev,O"]
[Result "0-1"]
[WhiteElo "2157"]
[BlackElo "2472"]

1.d4 Nf6 2.c4 g6 3.Nc3 Bg7 4.e4 d6 5.Nf3 O-O 6.Be2 e5 7.O-O Nc6 8.d5 Ne7
9.Nd2 a5 10.a3 Bd7 11.b3 c6 12.Rb1 b5 13.dxc6 b4 14.axb4 axb4 15.Nd5 Nxc6
16.Nxf6+ Qxf6 17.Nf3 Qe7 18.Bg5 f6 19.Bh4 Be6 20.Qd2 Rfb8 21.Rfd1 Bf8 22.h3 Ra3
23.Bd3 Kg7 24.Ne1 Na5 25.Bc2 Qa7 26.Kh1 Ra2 27.Qc1 Nc6 28.f3 Be7 29.Nd3 Qa3
30.Bf2 Qxc1 31.Rbxc1 f5 32.Be3 fxe4 33.fxe4 h6 34.Rf1 Bg5 35.Bxg5 hxg5 36.Bb1 Ra3
37.Bc2 Nd4 38.c5 Ne2 39.cxd6 Nxc1  0-1

[Event "29th Metz Open A"]
[Site "Longeville-les-Metz FRA"]
[Date "2011.05.03"]
[Round "3.6"]
[White "Malakhatko,V"]
[Black "Gladyszev,O"]
[Result "1-0"]
[WhiteElo "2546"]
[BlackElo "2472"]

1.d4 Nf6 2.c4 g6 3.Nc3 Bg7 4.e4 d6 5.Nf3 O-O 6.Be2 e5 7.O-O Nc6 8.d5 Ne7
9.b4 Nh5 10.Re1 a5 11.bxa5 Rxa5 12.Nd2 Nf4 13.Bf1 c5 14.a4 Nh5 15.Ra3 Nf6
16.Nb5 Ne8 17.Bb2 Ra6 18.g3 f5 19.exf5 Nxf5 20.Ne4 h6 21.Bg2 Nf6 22.Nxf6+ Bxf6
23.h4 h5 24.Nc3 Bd7 25.Ne4 Be7 26.Qc2 Qc7 27.Rea1 b6 28.Nc3 Bd8 29.Nb5 Qb8
30.Be4 Be8 31.Re1 Bxb5 32.axb5 Rxa3 33.Bxa3 Nd4 34.Qd3 Qa7 35.Rf1 g5 36.hxg5 Bxg5
37.Bb2 h4 38.Bxd4 cxd4 39.Bf5 Kg7 40.f4 exf4 41.gxf4 Bf6 42.Kh1 Kh8 43.Qf3 Qf7
44.Rg1 Bg7 45.Rxg7 Qxg7 46.Qh5+ Kg8 47.Be6+ Rf7 48.c5 d3 49.cxd6 h3 50.Qxf7+ Qxf7
51.d7 d2 52.d8=Q+ Kg7 53.Qg5+  1-0

[Event "ch-UKR semi-final"]
[Site "Alushta UKR"]
[Date "2011.05.04"]
[Round "2.37"]
[White "Melnichuk,M"]
[Black "Pechonkin,O"]
[Result "1-0"]
[WhiteElo "2322"]
[BlackElo "1957"]

1.Nf3 Nf6 2.d4 g6 3.c4 Bg7 4.Nc3 O-O 5.e4 d6 6.Be2 e5 7.O-O Nc6 8.d5 Ne7
9.b4 Nh5 10.Re1 f5 11.Nd2 Nf6 12.f3 f4 13.c5 g5 14.Nc4 h5 15.Ba3 Ng6 16.b5 Ne8
17.b6 axb6 18.cxb6 cxb6 19.Rb1 Ra6 20.Qb3 g4 21.Nxb6 gxf3 22.gxf3 Bh3 23.Kh1 Nh4
24.Rg1 Kh8 25.Nd1 Rg8 26.Nf2 Bg2+ 27.Rxg2 Nxg2 28.Kxg2 Bf8+ 29.Kf1 Rxa3 30.Qxa3 Qg5
31.Bd3 Nf6 32.Ke2 Qg2 33.Qc1 Ng4 34.Qg1 Nxh2 35.Qxg2 Rxg2 36.Nc8 Rg3 37.Rxb7 Nxf3
38.Ne7 Nd4+ 39.Kf1 Nf3 40.Rb8 Rg1+ 41.Ke2 Nd4+ 42.Kd2 Nf3+ 43.Kc3 Kg7 44.Nf5+ Kf7
45.Be2 Rg3 46.Nxg3 fxg3 47.Bxf3  1-0

[Event "ch-UKR semi-final"]
[Site "Alushta UKR"]
[Date "2011.05.06"]
[Round "4.22"]
[White "Nechaev,An"]
[Black "Andrenko,I"]
[Result "1-0"]
[WhiteElo "2407"]
[BlackElo "2281"]

1.d4 Nf6 2.c4 g6 3.Nc3 Bg7 4.e4 d6 5.Be2 O-O 6.Nf3 e5 7.O-O Nc6 8.d5 Ne7
9.b4 Nd7 10.Ba3 f5 11.c5 Nf6 12.cxd6 cxd6 13.b5 Nxe4 14.Nxe4 fxe4 15.Nd2 Rxf2
16.Rxf2 e3 17.Rf1 exd2 18.Qxd2 Qb6+ 19.Kh1 Nf5 20.Bd3 Qd4 21.Qe2 Bd7 22.Rac1 Rd8
23.Bb2 Qh4 24.Bxf5 gxf5 25.Rc7 Bh6 26.Bc1 f4 27.a4 Bg4 28.Qe4 Bg7 29.Bb2 Rf8
30.Rxb7 f3 31.Rxf3 Rxf3 32.gxf3 Qf2 33.Rxg7+ Kxg7 34.Qxg4+ Kf6 35.h4 Qxb2
36.Qe6+ Kg7 37.Qxd6 Qc1+ 38.Kg2 Qd2+ 39.Kh3 Qe2 40.Qe7+ Kg6 41.Qe6+ Kg7 42.Qf5 Qf1+
43.Kg4 Qc4+ 44.Qe4 Qc8+ 45.Qf5 Qc4+ 46.Qe4 Qc8+ 47.Kg3 Qc7 48.Qg4+ Kf8 49.Qf5+ Kg7
50.Qe6 Qc3 51.d6 Qe1+ 52.Kg4 Qg1+ 53.Kh5 Qc5 54.Qe7+ Kg8 55.Kh6  1-0

[Event "ch-UKR semi-final"]
[Site "Alushta UKR"]
[Date "2011.05.06"]
[Round "4.40"]
[White "Melnichuk,M"]
[Black "Terletsky,O"]
[Result "1-0"]
[WhiteElo "2322"]
[BlackElo "2179"]

1.Nf3 Nf6 2.c4 g6 3.Nc3 Bg7 4.e4 d6 5.d4 O-O 6.Be2 e5 7.O-O Nc6 8.dxe5 dxe5
9.Qxd8 Rxd8 10.Bg5 Re8 11.Nd5 Nxd5 12.cxd5 Nb8 13.Rac1 c6 14.Bc4 h6 15.Be3 cxd5
16.Bxd5 Nc6 17.Rxc6 bxc6 18.Bxc6 Be6 19.b3 a5 20.Rc1 a4 21.bxa4 Rec8 22.Bxa8 Rxa8
23.Nd2 Rxa4 24.Nb3 Rxa2 25.Nc5 Bc8 26.Rd1 Kf8 27.h3 Ke8 28.Rb1 Bf8 29.Rb8 Kd8
30.Rb5 Kc7 31.Nd3 Ba6 32.Rb3 Bxd3 33.Rxd3 Ra1+ 34.Kh2 Ra4 35.f3 Ra6 36.Rd5 Re6
37.g4 f6 38.Kg3 Ra6 39.h4 h5 40.g5 fxg5 41.Bxg5 Re6 42.f4 exf4+ 43.Kxf4 Kc6
44.Ra5 Bd6+ 45.Kf3 Kb7 46.Ke3 Be5 47.Rc5 Bd6 48.Rd5 Kc6 49.Kd4 Bf8 50.e5 Re8
51.Ra5 Kb6 52.Ra2 Bg7 53.Bf4 Rd8+ 54.Ke4 Rg8 55.Rc2 Kb7 56.Rg2 Bh8 57.Rc2 Rc8
58.Rxc8 Kxc8 59.Kd5 Kd8 60.Ke6 Ke8 61.Bh6 g5 62.Bxg5 Bg7 63.Bf6 Bf8 64.Kf5 Kf7
65.e6+ Ke8 66.Kg6  1-0

[Event "29th Metz Open A"]
[Site "Longeville-les-Metz FRA"]
[Date "2011.05.06"]
[Round "7.8"]
[White "Savchenko,S"]
[Black "Aguettaz,M"]
[Result "1/2-1/2"]
[WhiteElo "2510"]
[BlackElo "2417"]

1.Nf3 Nf6 2.c4 g6 3.Nc3 Bg7 4.e4 d6 5.d4 O-O 6.Be2 e5 7.O-O Nc6 8.d5 Ne7
9.b4 Nh5 10.Re1 f5 11.Ng5 Nf4 12.Bxf4 exf4 13.Rc1 Bf6 14.Ne6 Bxe6 15.dxe6 Bxc3
16.Rxc3 fxe4 17.Bf1 e3 18.fxe3 fxe3 19.Rcxe3 c6 20.Qd2 d5 21.cxd5 cxd5 22.Qd4 Nf5
23.Qe5 Ne7 24.Qd4 Nf5 25.Qe5 Ne7  1/2-1/2

[Event "ch-UKR semi-final"]
[Site "Alushta UKR"]
[Date "2011.05.08"]
[Round "6.38"]
[White "Omelja,A"]
[Black "Nosov,M"]
[Result "1/2-1/2"]
[WhiteElo "2329"]
[BlackElo "2151"]

1.d4 Nf6 2.c4 g6 3.Nc3 Bg7 4.e4 d6 5.Nf3 O-O 6.Be2 e5 7.O-O Nc6 8.d5 Ne7
9.b4 a5 10.Ba3 Nd7 11.bxa5 Rxa5 12.Bb4 Ra8 13.a4 Nc5 14.Bxc5 dxc5 15.a5 Bd7
16.Nd2 Nc8 17.Nb3 Qe7 18.Nb5 Nd6 19.Qc2 Nxb5 20.cxb5 b6  1/2-1/2

[Event "ch-UKR semi-final"]
[Site "Alushta UKR"]
[Date "2011.05.08"]
[Round "6.13"]
[White "Luzhinsky,V"]
[Black "Maximov,D"]
[Result "1/2-1/2"]
[WhiteElo "2362"]
[BlackElo "2486"]

1.d4 Nf6 2.c4 g6 3.Nc3 Bg7 4.e4 d6 5.Nf3 O-O 6.Be2 e5 7.O-O Nc6 8.d5 Ne7
9.b4 Ne8 10.a4 f5 11.Nd2 Nf6 12.Ba3 Bh6 13.Bd3 Kh8 14.c5 fxe4 15.cxd6 cxd6
16.Ndxe4 Bg4 17.Qb3 Nf5 18.b5 Nxe4 19.Nxe4 Nd4 20.Qb2 Rf3 21.Bxd6 Bf4 22.Rfd1 Qh4
23.Ng3 Rc8 24.b6 axb6 25.Qxb6 Rxf2 26.Kxf2 Qxh2 27.Nf1 Be3+ 28.Nxe3 Qf4+
29.Kg1 Qxe3+ 30.Kh1 Qh6+ 31.Kg1 Qe3+ 32.Kh1 Qh6+ 33.Kg1 Qe3+  1/2-1/2

[Event "TCh-SVK Extraliga 2010-11"]
[Site "Slovakia SVK"]
[Date "2011.05.08"]
[Round "11.3"]
[White "Meszaros,Gyu"]
[Black "Czebe,A"]
[Result "1/2-1/2"]
[WhiteElo "2425"]
[BlackElo "2487"]

1.d4 Nf6 2.c4 g6 3.Nc3 Bg7 4.e4 d6 5.Nf3 O-O 6.Be2 e5 7.O-O Nc6 8.d5 Ne7
9.Ne1 Nd7 10.Be3 f5 11.f3 f4 12.Bf2 g5 13.a4 Nf6 14.a5  1/2-1/2

[Event "ch-Euro Indiv Women"]
[Site "Tbilisi GEO"]
[Date "2011.05.09"]
[Round "3"]
[White "Gavasheli,A"]
[Black "Szczepkowska Horowska,K"]
[Result "1-0"]
[WhiteElo "2160"]
[BlackElo "2336"]

1.d4 Nf6 2.Nf3 g6 3.c4 Bg7 4.Nc3 d6 5.e4 O-O 6.Be2 e5 7.O-O Nc6 8.dxe5 dxe5
9.Bg5 Qxd1 10.Rfxd1 h6 11.Be3 Kh7 12.b4 Be6 13.Rac1 Rfc8 14.b5 Na5 15.Nxe5 Ne8
16.Bf4 f6 17.Nf3 Nxc4 18.Nd5 Ne5 19.Nxf6+ Nxf6 20.Nxe5 Bxa2 21.Ng4 Nxe4 22.Rd7 Kh8
23.Be5 Bxe5 24.Nxe5 Nf6 25.Nxg6+ Kg8 26.Rd2 Kf7 27.Ne5+ Ke6 28.Ng4 Bb3 29.Rd3 Ba2
30.Ra1 Bc4 31.Re3+ Kf5 32.Nxh6+ Kg6 33.Bxc4 Kxh6 34.Rea3 Rd8 35.h3 Rd4 36.Be2 Ne4
37.Rxa7 Rb8 38.Bf3 Nd6 39.Rc1 Rb4 40.Rc5 Rb1+ 41.Kh2 Rb2 42.h4 Rb4 43.g4 Rf8
44.Kg2 Rbf4 45.Ra3 R8f7 46.Rac3 Kg7 47.Rg5+ Kh6 48.Rgc5 Kg7 49.Rg5+ Kh6 50.Re3 b6
51.Kg3 R7f6 52.Rge5 Kg6 53.h5+ Kg7 54.Re7+ Kh6 55.R7e5 Kg7 56.g5 Rf7 57.Bd5 R7f5
58.f3 Rd4 59.Be6 Rf8 60.Bg4 Nc4 61.Re7+ Kh8 62.R3e4 Rxe4 63.fxe4 Nd6 64.g6 Rg8
65.Rh7+  1-0

[Event "ch-UKR semi-final"]
[Site "Alushta UKR"]
[Date "2011.05.10"]
[Round "8.38"]
[White "Kononenko,Dmitry2"]
[Black "Terletsky,O"]
[Result "0-1"]
[WhiteElo "2307"]
[BlackElo "2179"]

1.Nf3 Nf6 2.c4 g6 3.d4 Bg7 4.Nc3 O-O 5.e4 d6 6.Be2 e5 7.O-O Nc6 8.d5 Ne7
9.Ne1 Nd7 10.Nd3 f5 11.f3 c5 12.dxc6 bxc6 13.b4 Nf6 14.Qb3 Be6 15.Kh1 Qe8
16.Ba3 Qf7 17.Nf2 d5 18.cxd5 cxd5 19.exd5 Nexd5 20.Bc4 Rac8 21.Nxd5 Nxd5
22.b5 Rfe8 23.Rfe1 e4 24.fxe4 Bxa1 25.Rxa1 Nf6 26.Bxe6 Qxe6 27.exf5 Qxb3
28.axb3 Rc2 29.Nh3 g5 30.Nxg5 Ra2 31.Rc1 Rxa3 32.h3 Rxb3 33.Rc7 Rxb5 34.Nf7 Kf8
35.Nd6 Rb1+ 36.Kh2 Re7 37.Rc6 Ree1 38.g4 Ne4 39.Rc8+ Ke7 40.Nxe4 Rxe4 41.Rc7+ Kf6
42.Kg3 Rb3+ 43.Kh4 Re7 44.Rc6+ Kf7 45.Rh6 Kf8 46.Rf6+ Kg8 47.Ra6 Rb6 48.Ra3 h6
49.Kh5 Kg7 50.h4 a6 51.Rf3 Rf7 52.g5 hxg5 53.hxg5 Rb5 54.f6+ Kh7 55.Rh3 a5
56.Kg4+ Kg8 57.Rc3 a4 58.Rc8+ Rf8 59.Rc6 Ra5 60.Kh5 a3 61.Kh6 a2 62.Rc7 Rxg5
63.Ra7 Rg2 64.Kh5 Rxf6 65.Ra8+ Kh7 66.Ra7+ Rg7  0-1

[Event "ch-UKR semi-final"]
[Site "Alushta UKR"]
[Date "2011.05.10"]
[Round "8.54"]
[White "Buturin,V"]
[Black "Dhillon,J"]
[Result "1-0"]
[WhiteElo "2311"]
[BlackElo "2029"]

1.d4 Nf6 2.Nf3 g6 3.c4 Bg7 4.Nc3 O-O 5.e4 d6 6.Be2 e5 7.O-O Nc6 8.Be3 exd4
9.Nxd4 Re8 10.f3 Nxd4 11.Bxd4 c6 12.Qd2 Qc7 13.Rfd1 Be6 14.Rac1 Rad8 15.Nd5 Bxd5
16.cxd5 c5 17.b4 b6 18.Bb5 Rf8 19.a3 Qe7 20.Bf2 Nd7 21.Re1 Ne5 22.Be3 Rb8
23.h3 f6 24.f4 Nf7 25.Be2 Qd7 26.Kh2 Rbe8 27.Bd3 Kh8 28.Re2 Re7 29.Rce1 g5
30.g3 gxf4 31.gxf4 f5 32.exf5 Nh6 33.Bf2 Ref7 34.Re6 Nxf5 35.Qe2 Qd8 36.Qh5 Bd4
37.Bxd4+ Nxd4 38.Rh6 Qd7 39.Ree6 Rg8 40.Be4 Rfg7 41.Rxd6 Qf5 42.Rxh7+ Rxh7
43.Qxf5 Nxf5 44.Bxf5 Rh4 45.bxc5 Rxf4 46.Rh6+ Kg7 47.Rg6+ Kf7 48.Rxg8 Kxg8
49.c6 Rc4 50.Bd7  1-0

[Event "ch-UKR semi-final"]
[Site "Alushta UKR"]
[Date "2011.05.10"]
[Round "8.3"]
[White "Neverov,V"]
[Black "Vovk,Y"]
[Result "0-1"]
[WhiteElo "2487"]
[BlackElo "2550"]

1.d4 Nf6 2.c4 g6 3.Nc3 Bg7 4.e4 d6 5.Nf3 O-O 6.Be2 e5 7.O-O Nc6 8.d5 Ne7
9.Nd2 a5 10.a3 Nd7 11.Rb1 f5 12.b4 Kh8 13.Qc2 fxe4 14.Ndxe4 Nf5 15.Bd3 Nd4
16.Qd1 axb4 17.axb4 Nf6 18.Bg5 Bf5 19.Ra1 Qc8 20.f3 Nh5 21.Rxa8 Qxa8 22.Rf2 Nf4
23.Ra2 Qe8 24.Bb1 h6 25.Bh4 g5 26.Be1 Qf7 27.Rf2 Qg6 28.Kh1 g4 29.fxg4 Bxg4
30.Qc1 Bf5 31.Bd2 h5 32.Bxf4 exf4 33.Nd2 Qg4 34.Bxf5 Nxf5 35.Nf3 Re8 36.h3 Qg6
37.Kg1 Ng3 38.Kh2 Re3 39.Qb1 Qf6 40.Nb5 Ne4 41.Rf1 Qg6 42.Qd1 c6 43.dxc6 bxc6
44.Nbd4 Nc3 45.Qc2 Qg3+ 46.Kh1 Ne4 47.Nf5 Rxf3 48.Rxf3 Qe1+ 49.Kh2 Ng3 50.Nxg3 fxg3+
51.Rxg3 Bd4 52.Rg8+ Kxg8 53.Qg6+ Bg7 54.b5 Qe5+ 55.g3 cxb5 56.cxb5 Kf8 57.h4 Qe2+
58.Kh3 Qd1 59.Qf5+ Ke7 60.Qe4+ Be5 61.Qh7+ Kd8 62.Qg8+ Kc7 63.Qc4+ Kb6 64.Qc6+ Ka5
65.Qa8+ Kb4 66.Qe4+ Kc5 67.Qc6+ Kd4 68.Qb6+ Kd3  0-1

[Event "ch-Euro Indiv Women"]
[Site "Tbilisi GEO"]
[Date "2011.05.10"]
[Round "4"]
[White "Purtseladze,M"]
[Black "Hairapetian,A"]
[Result "1-0"]
[WhiteElo "2352"]
[BlackElo "2128"]

1.Nf3 Nf6 2.c4 d6 3.Nc3 g6 4.d4 Bg7 5.e4 O-O 6.Be2 e5 7.O-O Nc6 8.d5 Ne7
9.Be3 Ng4 10.Bg5 f6 11.Bd2 c6 12.c5 cxd5 13.Nxd5 Nc6 14.cxd6 Qxd6 15.h3 Nh6
16.b4 f5 17.b5 fxe4 18.bxc6 Qxd5 19.Bxh6 Qxd1 20.Bc4+ Kh8 21.Bxg7+ Kxg7 22.Rfxd1 exf3
23.cxb7 Bxb7 24.Rd7+ Kh6 25.Rxb7 fxg2 26.Kxg2 Rf4 27.Bd5 Rd8 28.Rd1 a5 29.Bb3 Rdf8
30.Rd2 a4 31.Bc2 Rc8 32.Ra7 Rc3 33.Bd1 Ra3 34.Bg4 e4 35.Re2 Rf6 36.Bd7 Kg5
37.Rxa4 Rd3 38.Bc8 Rc6 39.Bb7 Rcc3 40.h4+ Kxh4 41.Bxe4  1-0

[Event "46th Capablanca Memorial Open B"]
[Site "Havana CUB"]
[Date "2011.05.11"]
[Round "1.31"]
[White "Doubleday,W"]
[Black "Fernandez Guillen,E"]
[Result "0-1"]
[WhiteElo "2088"]
[BlackElo "2149"]

1.d4 Nf6 2.c4 g6 3.Nc3 Bg7 4.e4 d6 5.Be2 O-O 6.Nf3 e5 7.O-O Nc6 8.d5 Ne7
9.Ne1 Nd7 10.Nd3 f5 11.Bd2 Nf6 12.f3 f4 13.c5 h5 14.cxd6 cxd6 15.Nf2 g5 16.Rc1 a6
17.a4 Ng6 18.h3 Rf7 19.Qb3 Bf8 20.Qb4 Rg7 21.a5 g4 22.fxg4 hxg4 23.hxg4 Nh4
24.Be1 Nxg4 25.Qb6 Nxf2 26.Rxf2 Qg5 27.Bf1 Bh3 28.Rcc2 f3 29.Bd2 Qg6 30.Qe3 Bxg2
31.Qh6 Qg4 32.Qe6+ Qxe6 33.dxe6 Bh3+ 34.Kh2 Bxe6 35.Be3 Rh7 36.Kg3 Be7 37.Rh2 f2
38.Nd5 Bxd5 39.exd5 Nf5+  0-1

[Event "ch-Euro Indiv Women"]
[Site "Tbilisi GEO"]
[Date "2011.05.11"]
[Round "5"]
[White "Arabidze,M"]
[Black "Ibrahimova,S"]
[Result "1/2-1/2"]
[WhiteElo "2277"]
[BlackElo "2078"]

1.d4 Nf6 2.c4 g6 3.Nc3 Bg7 4.e4 d6 5.Nf3 O-O 6.Be2 e5 7.O-O Nc6 8.Be3 Ng4
9.Bg5 f6 10.Bc1 f5 11.Bg5 Qe8 12.Nb5 Qf7 13.d5 Nd8 14.exf5 gxf5 15.h3 Nf6
16.Rc1 a6 17.Nc3 b6 18.b4 Nb7 19.Nd2 Bd7 20.a3 Kh8 21.f4 e4 22.Nb3 Rg8 23.Re1 Qg6
24.Rc2 Be8 25.Nd4 Nd8 26.Qd2 h6 27.Bh4 Kh7 28.Bd1 Bd7 29.Qf2 Nh5 30.Nde2 Nb7
31.Kh1 a5 32.Rg1 axb4 33.axb4 Ra3 34.Nb5 Rb3 35.Ned4 Rxb4 36.g4  1/2-1/2

[Event "46th Capablanca Memorial Open B"]
[Site "Havana CUB"]
[Date "2011.05.13"]
[Round "3.7"]
[White "Ragolta Franco,E"]
[Black "Pinero,C"]
[Result "1-0"]
[WhiteElo "2247"]
[BlackElo "2027"]

1.d4 Nf6 2.c4 g6 3.Nc3 Bg7 4.e4 d6 5.Nf3 O-O 6.Be2 e5 7.O-O Nc6 8.d5 Ne7
9.Ne1 Nd7 10.Be3 f5 11.f3 f4 12.Bf2 g5 13.Rc1 Ng6 14.c5 a6 15.Na4 h5 16.Qb3 Nf6
17.cxd6 cxd6 18.Nb6 Rb8 19.Nd3 Bd7 20.Nxd7 Qxd7 21.Rc3 g4 22.Rfc1 g3 23.Ba7 gxh2+
24.Kxh2 Rbc8 25.Rxc8 Rxc8 26.Rxc8+ Qxc8 27.Qc3 Qd8 28.Qb4 Qe7 29.Nf2 Ne8
30.Nh3 Bf6 31.Qc3 Qd7 32.b4 Bd8 33.Bg1 Nf6 34.b5 axb5 35.Qb4 Ng4+ 36.fxg4 hxg4
37.Qxb5 Qxb5 38.Bxb5 gxh3 39.Kxh3 Kf7 40.Bf2 Ba5 41.a4 Bd2 42.Kg4 Be3 43.Bxe3 fxe3
44.g3 Nf8 45.a5 e2 46.Bxe2 Nd7 47.Kf5 Nc5 48.Bh5+ Kg7 49.g4 Kh6 50.Be8 Kg7
51.g5 Kf8 52.Bb5 Kf7 53.g6+ Kg7 54.Bc6 Nb3 55.Ke6 Nxa5 56.Bb5 Nb3 57.Kxd6 Kxg6
58.Kxe5 Kf7 59.Kd6 Na1  1-0

[Event "ch-Euro Indiv Women"]
[Site "Tbilisi GEO"]
[Date "2011.05.13"]
[Round "7"]
[White "Batsiashvili,N"]
[Black "Severiukhina,Z"]
[Result "1-0"]
[WhiteElo "2399"]
[BlackElo "2291"]

1.d4 Nf6 2.c4 g6 3.Nc3 Bg7 4.e4 d6 5.Nf3 O-O 6.Be2 e5 7.O-O Nc6 8.d5 Ne7
9.Ne1 Nd7 10.Be3 f5 11.f3 f4 12.Bf2 g5 13.Rc1 b6 14.b4 a5 15.a3 Ng6 16.Nd3 h5
17.c5 bxc5 18.bxc5 Nf6 19.cxd6 cxd6 20.Nb5 Rf7 21.Rc6 Ne8 22.Nb2 Rb8 23.a4 Bf8
24.Nc4 Rg7 25.Be1 Nh4 26.Bxa5 Qf6 27.Nb6 Nxg2 28.Kxg2 g4 29.Nxc8 Qh4 30.Rg1 Nf6
31.Kh1 g3 32.Rg2 gxh2 33.Rxg7+ Kxg7 34.Qf1  1-0

[Event "FSIM May"]
[Site "Budapest HUN"]
[Date "2011.05.14"]
[Round "8.2"]
[White "Holm,Kristian Stuvik"]
[Black "Farago,S"]
[Result "1/2-1/2"]
[WhiteElo "2273"]
[BlackElo "2281"]

1.d4 Nf6 2.c4 g6 3.Nc3 Bg7 4.e4 d6 5.Nf3 O-O 6.Be2 e5 7.O-O Nc6 8.d5 Ne7
9.Ne1 c5 10.Nd3 Ne8 11.Be3 f5 12.f3 Nf6 13.b4 b6 14.bxc5 bxc5 15.Rb1 Kh8
16.Qa4 Nd7 17.Nb5 Nb6 18.Qc2 Bd7 19.a4 Nbc8 20.Nc3 Ng8 21.exf5 gxf5 22.f4 e4
23.Nf2 Bd4 24.Qd2 Qf6 25.Nb5 Bxb5 26.axb5 Nb6 27.Rb3 Ne7 28.Rd1 Bxe3 29.Qxe3 Ng6
30.g3 a6 31.bxa6 Rxa6 32.Rdb1 Nd7 33.Rb7 Rf7 34.Nh3 h6 35.Nf2 Rg7 36.Nd1 Qd4
37.Kf1 Kh7 38.Qc1 Ra2 39.Ne3 Qf6 40.R1b2 Ra3 41.Bd1 Nxf4 42.gxf4 Qh4 43.Rf2 Qh3+
44.Ke2 Rd3 45.Bc2 Qh5+ 46.Ke1 Rd4 47.Ba4 Rg1+ 48.Nf1 e3 49.Rxd7+ Kh8 50.Rd8+ Kh7
51.Rd7+ Kh8 52.Rd8+  1/2-1/2